000 00326nam a2200121Ia 4500
008 220204s9999 xx 000 0 und d
082 _a658.8
_bFIT
100 _aFitzroy, Peter T
245 0 _aAnalytical methods for marketing management
260 _aLondon
_bMcGraw Hill
_c1976
650 _aMarketing management
942 _cBK
999 _c25566
_d25566